Mengurus dan membiayai pendidikan di Malaysia

Bibliographic Details
Main Author: Shahril Marzuki
Corporate Author: Title
Format: Book
Published: Pahang : PTS Professional Publishing , 2005
Series:Siri pengurusan sekolah
Subjects:

MARC

LEADER 00000cam a2200000 7i4500
001 0000012776
005 20080102.0
008 080102
020 |a 9833376142 
090 0 0 |a 379.1209595   |b SHA 
100 0 |a Shahril Marzuki 
245 1 0 |a Mengurus dan membiayai pendidikan di Malaysia   |c Shahril @ Charil Marzuki 
260 |a Pahang :   |b PTS Professional Publishing ,   |c 2005 
440 |a Siri pengurusan sekolah 
650 0 |a Education and state   |z Malaysia 
650 0 |a Educations   |x Finance 
650 0 |a Education   |z Malaysia   |x Costs 
710 0 |a Title 
999 |a 0000921495   |b Book   |c Adult Collection   |e Cawangan Bukit Gambir 
999 |a 0000921496   |b Book   |c Adult Collection   |e Cawangan Bukit Gambir 
999 |a 0000921497   |b Book   |c Adult Collection   |e Cawangan Bukit Gambir 
999 |a 0000933218   |b Book   |c Adult Collection   |e Cawangan Tangkak 
999 |a 0000933219   |b Book   |c Adult Collection   |e Cawangan Tangkak 
999 |a 0000933220   |b Book   |c Adult Collection   |e Cawangan Tangkak 
999 |a 0000941178   |b Book   |c Adult Collection   |e Cawangan Taman Sri Lambak 
999 |a 0001010244   |b Book   |c Adult Collection   |e Cawangan Bandar Penawar 
999 |a 0001010245   |b Book   |c Adult Collection   |e Cawangan Mersing 
999 |a 0001010246   |b Book   |c Adult Collection   |e Cawangan Bandar Penawar 
999 |a 0001010247   |b Book   |c Adult Collection   |e Perbadanan Perpustakaan Awam Johor 
999 |a 0001010248   |b Book   |c Adult Collection   |e Perbadanan Perpustakaan Awam Johor